More than words : (Record no. 126864)

MARC details
000 -LEADER
campo de control de longitud fija 01929cam a2200409/i 4500
001 - NÚMERO DE CONTROL
campo de control 23990570
003 - IDENTIFICADOR DE NÚMERO DE CONTROL
campo de control BJBSDDR
005 - FECHA Y HORA DE LA ÚLTIMA TRANSACCIÓN
campo de control 20260421120426.0
007 - CAMPO FIJO DE DESCRIPCIÓN FÍSICA--INFORMACIÓN GENERAL
campo de control de longitud fija ta
008 - DATOS DE LONGITUD FIJA--INFORMACIÓN GENERAL
campo de control de longitud fija 250113s2025 nyu b 001 0 eng
010 ## - NÚMERO DE CONTROL DE LA BIBLIOTECA DEL CONGRESO
Número de control de LC 2024041741
020 ## - NÚMERO INTERNACIONAL ESTÁNDAR DEL LIBRO
Número Internacional Estándar del Libro 9780593545270
Información calificativa (hardcover)
020 ## - NÚMERO INTERNACIONAL ESTÁNDAR DEL LIBRO
ISBN cancelado o inválido 9780593545294
Información calificativa (epub)
035 ## - NÚMERO DE CONTROL DEL SISTEMA
Número de control de sistema 23990570
040 ## - FUENTE DE CATALOGACIÓN
Centro catalogador/agencia de origen DLC
Lengua de catalogación eng
Normas de descripción rda
Centro/agencia transcriptor DLC
Centro/agencia modificador DLC
041 ## - CÓDIGO DE IDIOMA
Código de lengua del texto/banda sonora o título independiente eng
042 ## - CÓDIGO DE AUTENTICACIÓN
Código de autenticación pcc
050 00 - SIGNATURA TOPOGRÁFICA DE LA BIBLIOTECA DEL CONGRESO
Número de clasificación BF455
Número de ítem M135m 2025
082 00 - NÚMERO DE LA CLASIFICACIÓN DECIMAL DEWEY
Número de clasificación 401/.9
Número de edición 23/eng/20250212
100 1# - ENTRADA PRINCIPAL--NOMBRE DE PERSONA
Nombre de persona MacDonald, Maryellen Coles
Fechas asociadas al nombre 1960-
Término indicativo de función/relación author.
9 (RLIN) 48035
245 10 - MENCIÓN DEL TÍTULO
Título More than words :
Resto del título how talking sharpens the mind and shapes our world /
Mención de responsabilidad, etc. Maryellen MacDonald.
264 #1 - PRODUCCIÓN, PUBLICACIÓN, DISTRIBUCIÓN, FABRICACIÓN Y COPYRIGHT
Producción, publicación, distribución, fabricación y copyright New York :
Nombre del de productor, editor, distribuidor, fabricante Avery,
Fecha de producción, publicación, distribución, fabricación o copyright [2025].
300 ## - DESCRIPCIÓN FÍSICA
Extensión xix, 316 pages ;
Dimensiones 24 cm.
336 ## - TIPO DE CONTENIDO
Término de tipo de contenido text
Código de tipo de contenido txt
Fuente rdacontent
337 ## - TIPO DE MEDIO
Nombre/término del tipo de medio unmediated
Código del tipo de medio n
Fuente rdamedia
338 ## - TIPO DE SOPORTE
Nombre/término del tipo de soporte volume
Código del tipo de soporte nc
Fuente rdacarrier
504 ## - NOTA DE BIBLIOGRAFÍA, ETC.
Nota de bibliografía, etc. Includes bibliographical references and index.
505 0# - NOTA DE CONTENIDO CON FORMATO
Nota de contenido con formato Introduction -- We Do the Talking -- Talk Baby to Me -- The Challenge of Talking -- Talking Tunes Our Brains -- Talking and Mental Focus -- Talking to Learn -- Talking and Aging Well -- Talking out in the World -- Talking Changeth Language -- By Your Talking You Shall Be Judged -- The Emerging Science Analyzing our Talk -- Afterword.
520 ## - RESUMEN, ETC.
Sumario, etc. "A professor of psychology and language sciences, Maryellen MacDonald's book explores the power of talking, how we do it, how it shapes us, and how we can harness discussion to better connect with each other"--
Fuente proveedora Provided by publisher.
650 #0 - PUNTO DE ACCESO ADICIONAL DE MATERIA--TÉRMINO DE MATERIA
Término de materia o nombre geográfico como elemento de entrada Speech.
650 #0 - PUNTO DE ACCESO ADICIONAL DE MATERIA--TÉRMINO DE MATERIA
Término de materia o nombre geográfico como elemento de entrada Psycholinguistics.
650 #0 - PUNTO DE ACCESO ADICIONAL DE MATERIA--TÉRMINO DE MATERIA
Término de materia o nombre geográfico como elemento de entrada Psychology.
776 08 - ENTRADA DE FORMULARIO FÍSICO ADICIONAL
Información de relación Online version:
Encabezamiento principal MacDonald, Maryellen, 1960-
Título More than words
Lugar, editor y fecha de publicación New York : Avery, [2025]
Número Internacional Estándar del Libro 9780593545294
Número de control del registro (DLC) 2024041742
906 ## - ELEMENTOS DE DATOS F LOCAL, LDF (RLIN)
a 7
b cbc
c orignew
d 1
e ecip
f 20
g y-gencatlg
942 ## - ELEMENTOS DE ENTRADA SECUNDARIOS (KOHA)
Fuente del sistema de clasificación o colocación Clasificación de Library of Congress
Tipo de ítem Koha Libro
Suprimir en OPAC No
Holdings
Estatus retirado Estado de pérdida Fuente del sistema de clasificación o colocación Estado de daño No para préstamo Colección Biblioteca de origen Biblioteca actual Ubicación en estantería Fecha de adquisición Total checkouts Signatura topográfica completa Código de barras Visto por última vez Copia número Precio de reemplazo Tipo de ítem Koha
    Clasificación de Library of Congress     Automatización y Procesos Técnicos Biblioteca Juan Bosch Biblioteca Juan Bosch Automatización y Procesos Técnicos (1er. Piso) 21/04/2026   BF455 M135m 2025 00000199046 21/04/2026 1 21/04/2026 Libro